Score 0/20 Timer 06:00
4 Plays Today
Entries/Exits (millions) Station % Correct
84.87Kings Cross St Pancras
88.7%
89.40Waterloo
83.5%
84.58Victoria
79.9%
85.25Oxford Circus
74.6%
38.03Euston
74.6%
49.71Paddington
72.3%
48.88Bank & Monument
72.1%
67.89Liverpool Street
68.8%
38.60Leicester Square
63.9%
41.70Piccadilly Circus
62.3%
Entries/Exits (millions) Station % Correct
69.88London Bridge
60.6%
38.06Tottenham Court Road
57.7%
28.10Baker Street
54.6%
35.46Green Park
52.9%
39.65Bond Street
52.2%
34.02Holborn
46.8%
50.05Canary Wharf
37.7%
54.50Stratford
36.8%
32.75South Kensington
35.9%
29.29Hammersmith
27.2%

You're not logged in!

Compare scores with friends on all Sporcle quizzes.
OR
Log In

Sporcle TV

Today on Sporcle TV


Watch our educational content, quiz creation guides, and fun videos on Sporcle TV.

Show Comments

Extras

Top Quizzes Today


Score Distribution

Paid Content

Your Account Isn't Verified!

In order to create a playlist on Sporcle, you need to verify the email address you used during registration. Go to your Sporcle Settings to finish the process.

Report this User

Report this user for behavior that violates our Community Guidelines.

Details: